Normal view
MARC view
- المصحف الشريف
Entry Topical Term
001 - CONTROL NUMBER
- control field: 58340
003 - CONTROL NUMBER IDENTIFIER
- control field: JO-AjAnu
005 - DATE AND TIME OF LATEST TRANSACTION
- control field: 20230606083540.0
008 - FIXED-LENGTH DATA ELEMENTS
- fixed length control field: 230606|| aca||aabn | a|a d
040 ## - CATALOGING SOURCE
- Original cataloging agency: JO-AjAnu
- Transcribing agency: JO-AjAnu
150 ## - HEADING--TOPICAL TERM
- Topical term or geographic name entry element: المصحف الشريف
670 ## - SOURCE DATA FOUND
- Source citation: Work cat.: (JO-AjAnu)29761: وقفية طيبة لاحياء التراث الاسلامي, author 58339, مصحف الملك الحسين = MUS,HAF OF KING HUSSEIN